| 000 | 00772nam a2200241 a 4500 | ||
|---|---|---|---|
| 999 |
_c4782 _d4782 |
||
| 001 | 4782 | ||
| 003 | BD-JhCC | ||
| 005 | 20201209134020.0 | ||
| 008 | 171203s1994 bg a|||| |||| 000 0 ben d | ||
| 020 | _a9840730576 | ||
| 035 | _a(BD-JhCC) 4782 | ||
| 040 |
_aBD-JhCC _dBD-JhCC |
||
| 041 | _aben | ||
| 082 |
_a581.6 _bAZA 1994 |
||
| 100 | _aআজাদ, মো: আবুল কালাম | ||
| 245 |
_aঅর্থনৈতিক উদ্ভিদবিদ্যা / _cমো: আবুল কালাম আজাদ |
||
| 260 |
_aঢাকা : _bবাংলা একাডেমী, _c১৯৯৪. |
||
| 300 |
_a৩২৭ পৃ. : _bill. ; _c২২সেমি. |
||
| 650 | _aBotany | ||
| 650 | _aEconomic Botany | ||
| 942 |
_2ddc _cBK _02 |
||